Cliquez pour assembler les drapeaux #2 - Statistiques

Statistiques générales
  • Ce quiz a été pris 28 726 fois
  • Le résultat moyen est 13 sur 25
Statistiques - réponses
Hint Extra Hint Explanation Réponse % Correct
Sélectionnez le bon drapeau Brésil
96%
Sélectionnez le bon drapeau Israël
94%
Sélectionnez le bon drapeau Espagne
91%
Sélectionnez le bon drapeau Inde
75%
Sélectionnez le bon drapeau Croatie
75%
Sélectionnez le bon drapeau Uruguay
69%
Sélectionnez le bon drapeau Barbade
68%
Sélectionnez le bon drapeau Vatican
66%
Sélectionnez le bon drapeau Nicaragua
63%
Sélectionnez le bon drapeau Kenya
61%
Sélectionnez le bon drapeau Slovénie
56%
Sélectionnez le bon drapeau Irak
55%
Sélectionnez le bon drapeau Tadjikistan
46%
Sélectionnez le bon drapeau Corée du Nord
45%
Sélectionnez le bon drapeau Eswatini
44%
Sélectionnez le bon drapeau Mongolie
44%
Sélectionnez le bon drapeau Zambie
42%
Sélectionnez le bon drapeau Cambodge
42%
Sélectionnez le bon drapeau Namibie
36%
Sélectionnez le bon drapeau Belize
34%
Sélectionnez le bon drapeau Haïti
33%
Sélectionnez le bon drapeau Zimbabwe
31%
Sélectionnez le bon drapeau Brunei
30%
Sélectionnez le bon drapeau Guinée équatoriale
30%
Sélectionnez le bon drapeau Mozambique
26%
Aucun quiz correspondant
Distribution des résultats
% des personnes avec chaque résultat
Percentile par nombre de réponses
Votre historique - résultats
Vous n’avez pas pris ce quiz